|
|
|
|
| LEADER |
00000nam0a2200000 4500 |
| 001 |
115710 |
| 005 |
20231031122830.0 |
| 010 |
|
|
|a 3540673636
|
| 035 |
|
|
|a (RuTPU)RU\TPU\book\125149
|
| 090 |
|
|
|a 115710
|
| 100 |
|
|
|a 20070514d2000 km y0gery50 ba
|
| 101 |
0 |
|
|a ger
|
| 102 |
|
|
|a DE
|
| 105 |
|
|
|a a z 001zy
|
| 200 |
1 |
|
|a Die Technische Universität an der Schwelle zum 21. Jahrhundert
|e Festschrift zum 175jährigen Jbiläum der Universität Karlsruhe (TH)
|e mit 272 Abbildungen
|f H. Kunle, S. Fuchs
|
| 210 |
|
|
|a Berlin
|c Springer-Verlag
|d 2000
|
| 215 |
|
|
|a 477 s.
|c il.
|
| 320 |
|
|
|a Verzeichnis der Autorinnen und Autoren: p. 475-477.
|
| 610 |
1 |
|
|a образование
|
| 610 |
1 |
|
|a высшее образование
|
| 610 |
1 |
|
|a технические университеты
|
| 610 |
1 |
|
|a история
|
| 610 |
1 |
|
|a Германия
|
| 610 |
1 |
|
|a немецкий язык
|
| 686 |
|
|
|a Ч484(4Г)
|v LBC/SL-A
|2 rubbk
|
| 700 |
|
1 |
|a Kunle
|b H.
|g Heinz
|
| 701 |
|
1 |
|a Fuchs
|b S.
|g Stefan
|
| 801 |
|
1 |
|a RU
|b 63413507
|c 20070514
|g PSBO
|
| 801 |
|
2 |
|a RU
|b 63413507
|c 20101116
|g PSBO
|
| 942 |
|
|
|c BK
|